000 00302nam a2200109Ia 4500
008 201224s9999 xx 000 0 und d
100 _aMenon, Dilip M.
245 0 _aCaste, nationalism & communalism : malabar 1900 - 1948
260 _aNew Delhi
_bCambridge University Press
300 _a207
942 _cBK
999 _c8766
_d8766